000 00353 a2200169 4500
001 171381
020 _a85-16-00506-2
040 _cMagnum
100 _aBelinky, Tatiana
240 1 0 _aTatu na casca
_lpor
245 1 0 _aTatu na casca
300 _a23
362 0 _a1992
440 1 _aModerna
697 _aLITERATURA INFANTO-JUVENIL
942 _cBK
999 _c171381
_d171381